000 00587nam a2200241Ia 4500
003 OSt
005 20220912150911.0
006 a|||||r|||| 00| 0
007 ta
008 220909b |||||||| |||| 00| 0 eng d
024 _a53543
037 _cTextual
040 _aCSL
_beng
_cCSL
041 _aeng
082 _aI8442,15, J0
100 _aCowan J M
245 0 _aRhododendron leaf
260 _aLondon
_bOliver and Boyd
_c1950
300 _axi,120p.
_ccm.
650 _aBotany
942 _hI8442,15, J0
_cTEXL
_2CC
999 _c56996
_d56996